Open Office Space (Record no. 13390)

MARC details
000 -CABECERA
campo de control de longitud fija 00346nam a2200133 4500
005 - FECHA Y HORA DE LA ÚLTIMA TRANSACCIÓN
campo de control 20260530115312.0
100 1# - ENTRADA PRINCIPAL--NOMBRE DE PERSONA
Nombre de persona John Pile
9 (RLIN) 32930
245 10 - MENCIÓN DE TÍTULO
Título Open Office Space
264 #1 - PRODUCCIÓN, PUBLICACIÓN, DISTRIBUCIÓN, FABRICACIÓN Y COPYRIGHT
Nombre del de productor, editor, distribuidor, fabricante The Office Book Series / Facts on File
Fecha de producción, publicación, distribución, fabricación o copyright 1984
300 ## - DESCRIPCIÓN FÍSICA
Extensión 96 páginas
336 ## - TIPO DE CONTENIDO
Término de tipo de contenido texto
Fuente rdacontent
337 ## - TIPO DE MEDIO
Nombre/término del tipo de medio sin medio
Fuente rdamedia
338 ## - TIPO DE SOPORTE
Nombre/término del tipo de soporte volumen
Fuente rdacarrier

No items available.